Existe un hombre que tiene la costumbre de pegarme con un paraguas en la cabeza : relatos. /

Bibliographic Details
Main Author: Sorrentino, Fernando, 1942-
Format: Electronic eBook
Language:Spanish
Published: Barcelona : Ediciones Carena, 2005.
Edition:1. ed.
Subjects:
Online Access:Digitalia Hispánica

MARC

LEADER 00000nam a2200000Ii 4500
001 DIGCAR0111
003 NyNyDIG
006 m o d
007 cr |||||||||||
008 130101s2005 sp o 000 1 spa d
020 |a 9788492619306  |q (eBook) 
020 |z 9788496357129 
020 |z 8493357120 
035 |a (OCoLC)888261228 
040 |a DGITA  |b eng  |e pn  |c DGITA 
050 0 |a PQ7798.29.O6 eBook 
100 1 |a Sorrentino, Fernando,  |d 1942- 
245 1 0 |a Existe un hombre que tiene la costumbre de pegarme con un paraguas en la cabeza :  |b relatos. /  |c de Fernando Sorrentino. 
250 |a 1. ed. 
264 1 |a Barcelona :  |b Ediciones Carena,  |c 2005.  
300 |a 1 online resource (365 pages) 
336 |a text  |b txt  |2 rdacontent 
337 |a computer  |b c  |2 rdamedia 
338 |a online resource  |b cr  |2 rdacarrier 
655 0 |a Electronic books. 
791 2 |a Digitalia (Firm),  |e distributor. 
793 0 |g Digitalia eBook Collection:  |a Ediciones Carena. 
856 4 0 |3 Digitalia Hispánica  |u https://www.digitaliapublishing.com/a/5594/ 
910 |a Premium Collection: 2007-2012